000 00612nam a2200145Ia 4500
008 100415s9999 xx 000 0 und d
082 _b11500
_a597.0524
100 _aFeder Martin E editer
245 _aPredator-Prey Relationships : Perspectives and Approaches From the Study of Lower Vertebrates
260 _aLONDON
_c1986
_bTHE UNIVERSITY OF CHICAGO PRES
365 _b0
630 _aPredator-Prey Relationships : Perspectives and Approaches From the Study of Lower Vertebrates
730 _aPredator-Prey Relationships : Perspectives and Approaches From the Study of Lower Vertebrates
942 _cBOOK
999 _c594423
_d594420